Catalog

Record Details

Catalog Search



Worship : the christian's highest occupation Cover Image Book Book

Worship : the christian's highest occupation by Alfred P. Gibbs

Gibbs, Alfred P. (Author).

Record details

  • ISBN: 0-937396-57-5
  • Physical Description: 279 p.
  • Publisher: Kansas City, Missouri Walterick Publishers /197-?/

Available copies

  • 1 of 1 copy available at Common Catalog SPOK.

Holds

  • 0 current holds with 1 total copy.
Show Only Available Copies
Location Call Number / Copy Notes Barcode Shelving Location Status Due Date
ETS Library 248.3 424470000531 Volný výběr Available -

LDR 00661nam a2 00229
00139239
003CZ-PrJAB
00520030222000000.0
008020219s1800 xxu e |||| |eng
009us
020 . ‡a0-937396-57-5
035 . ‡a(CONS)10340
035 . ‡aKPS1452
041 . ‡aeng
08214. ‡a248.3
100 . ‡72895 ‡aGibbs, Alfred P.
245 . ‡aWorship : ‡bthe christian's highest occupation ‡cby Alfred P. Gibbs
260 . ‡aKansas City, Missouri ‡bWalterick Publishers ‡c/197-?/
300 . ‡a279 p.
653 . ‡aWorship ‡athe christian's highest occupation
8524 . ‡bETS ‡bETS ‡cVolný výběr ‡j248.3 ‡gA ‡p424470000531
910 . ‡aABG450
999 . ‡a10340 ‡bAUTOGEN ‡c10340 ‡tbiblio
905 . ‡uadmin
901 . ‡a39239 ‡b ‡c39239 ‡tbiblio ‡sets

Additional Resources